000 00359nam a2200157Ia 4500
100 _aFleischmann/Albert
250 _a2
942 _cBK
654 _acomputer
245 _aDistributed systems : Software Design implemetation
260 _bSpringer Verlag
_aNew Delhi
_c1994
082 _a5.1
_bFLE
300 _a390
546 _aENGLISH
999 _c18854
_d18854